Регионална библиотека "Любен Каравелов" - Русе

Теоретична електротехника (Запис номер 61437)

MARC детайли
000 -Лидер
Контролно поле с фиксирана дължина 01511nam a2200313 c 4500
003 - Код на организацията, давaща контролен номер
Контролно поле BLK
005 - Дата и час на последна редакция
Контролно поле 20180420223041.0
008 - Елементи от данни с фиксирана дължина
fixed length control field 180408b bul|||||r ||||||| ||bul||
010 ## - Наследен системен номер
LC control number KNG00065639000
040 ## - Източник на каталожния запис
Идентификатор на билиотеката - собственик на записа BLK
041 ## - Код за език
Код за езика на текст/звукозапис или на отделно заглавие Български
Код за езика КДБФ Български
080 ## - УДК
Текстов определител УДК Теория и основни понятия в електротехниката - Съпротивление, индуктивност, капацитет, напрежение, мощност,енергия,фаза,честота;магнитни явления
УДК код - определител по УДК 621.3.01
УДК определител (075.8)
УДК - код + определител 621.3.01(075.8)
100 1# - Редна дума - Автор
Автор Златев, Минчо П.
Авторска отговорност първи автор
R(LIN) 290427
139 ## - Редно поле
Редна дума Златев, Минчо П.
Авторски знак Злате - З 72
245 10 - Сведения за заглавието
Заглавие Теоретична електротехника
Подзаглавни данни Учебник за студентите от ВМЕИ В. И. Ленин - София : Т. 1 -
Редно поле (дума) Минчо П. Златев.
Том Т. 2
257 ## - Страна на издаване
Страна на създаване/издаване България
260 ## - Област на издателските данни
-- София
Име на издателя, разпространителя и проч. Техника
Година на издаване 1972 -
300 ## - Физическа характеристика
Размери/Мащаб 22 см
380 ## - Жанр
Жанр Техника
650 #4 - Допълнително описание по предмет – тема
Основно описание – тема или топоним Електрически вериги, линейни - учебници за ВУЗ
9 (RLIN) 259219
653 ## - Ключова дума – ненормативна
Ключова дума електрически вериги
653 ## - Ключова дума – ненормативна
Ключова дума учебници за ВУЗ
760 1# - Описание на основната серия
Редна дума на основното описание Златев, Минчо П.
Място на издаване, издател и година 1973
Свързани части Ч. 2 - 3. Линейни вериги ; Нелинейни вериги.
Страници - том 615 с.
Заглавие Т. 2
852 ## - Местоположение
Форматна сигнатура Цб 63545
856 4# - Електронен адрес и достъп
Електронен формат pdf - файл
Път до файла /url/
856 4# - Електронен адрес и достъп
Електронен формат pdf - файл
Път до файла /url/
942 ## - АРТИКУЛИ
Вид на библиотечния материал Книги
Скрит в OPAC Не
944 ## - СЪЗДАВАНЕ И РЕДАКЦИЯ на ЗАПИСА
Създаване/Редакция Създаване
Дата на регистрацията/редакция 13.06.2004
Служител, извършил регистрацията/редакцията Кети_Илиева
944 ## - СЪЗДАВАНЕ И РЕДАКЦИЯ на ЗАПИСА
Създаване/Редакция Редакция
Дата на регистрацията/редакция 18.08.2015
Служител, извършил регистрацията/редакцията Камелия_Данева
999 ## - СИСТЕМНИ КОНТРОЛНИ НОМЕРА
Koha biblionumber 61437
Koha biblioitemnumber 61437
Наличности
Код за отписване Код за изгубен артикул Източник на класификационната схема Код за повреда Коз за рестрикции Код за отдаване Артикулен № Име на библиотеката - собственик Име на библиотеката, в която се намира в момента Статус (Текущо местоположение) Дата на вписване в системата Местоположение - отдел Цена в лева Инвентарен номер Систематично азбучна сигнатура Баркод Номер на екземпляра Цена в евро Служебна бележка Служебен тип на артикула Бележка за публиката
  Не е изгубен Universal Decimal Classification Не е повреден без рестрикции ползва се в читалня 101766 Регионална библиотека "Любен Каравелов" Русе Регионална библиотека "Любен Каравелов" Русе Читалня 1973-01-01 Читалня 2.34 151474 Ч 621.3/З 72 120000151474 1 1.20 Дост: Pk Вид: Ф N: стар фонд Дата: 01.01.1973 Дата инв: 24.03.2017 Бележки инв: Ч2017 Книги  
  Не е изгубен Universal Decimal Classification Не е повреден без рестрикции ползва се в читалня 101767 Регионална библиотека "Любен Каравелов" Русе Регионална библиотека "Любен Каравелов" Русе Хранилище 1973-01-01 Хранилище 2.34 150711 Цб 63545 120000150711 2 1.20 Дост: Dp Вид: Д N: стар фонд Дата: 01.01.1973 Книги  
Изтеглен Не е изгубен   Не е повреден без рестрикции заемане за дома 101768 Регионална библиотека "Любен Каравелов" Русе Регионална библиотека "Любен Каравелов" Русе   1973-01-01 Заемна - подръчен фонд 2.34 151476 П 621.3/З 72 151476 3 1.20 N: стар фонд Дата: 01.01.1973 Книги Отч.N: 21/18 , Дата: 26.03.2018
Изтеглен Не е изгубен   Не е повреден без рестрикции заемане за дома 101769 Регионална библиотека "Любен Каравелов" Русе Регионална библиотека "Любен Каравелов" Русе   1973-01-01 Заемна - подръчен фонд 2.34 151479 П 621.3/З 72 151479 4 1.20 N: стар фонд Дата: 01.01.1973 Книги Отч.N: 21/18 , Дата: 26.03.2018
Vip Innovations Ltd, Rousse, Bulgaria 2025